00572 2200205 4500001002100000005001500021035002000036007000300056008004100059020001800100082001000118084001600128100001800144245008700162260003600249300002300285650002100308856002100329990001600350INLIS00000000000144320190718115421 a0010-0719000030ta190718 g 0 ind  a9789793289564 a005.1 a005.1 TEG s0 aTeguh Wahyono1 aSistem informasi :bKonsep dasar,analisis desain dan implementasi /cTeguh Wahyono aYogyakarta :bGraha Ilmu,c2004 axiv,150 p ;c23 cm asistem informasi aSistem Informasi a00000004871